[Event "BCF-chT4 0506 (4NCL)"]
[Site "West Bromwich"]
[Date "2006.02.12"]
[Round "6.4"]
[White "Arghandewal, Aryan"]
[Black "Tucker, Andrew"]
[Result "0-1"]
[WhiteElo "1715"]
[BlackElo "1980"]
[PlyCount "82"]
[EventDate "2005.11.05"]
[EventType "team"]
[EventRounds "11"]
[EventCountry "ENG"]
[SourceTitle "CBM 109 Extra"]
[Source "ChessBase"]
[SourceDate "2006.01.03"]
[SourceVersion "2"]
[SourceVersionDate "2006.01.03"]
[SourceQuality "1"]
[WhiteTeam "Guildford V"]
[BlackTeam "Sussex Mindsports"]
[WhiteTeamCountry "ENG"]
[BlackTeamCountry "ENG"]

1. e4 c5 2. Nf3 Nc6 3. d4 cxd4 4. Nxd4 Nf6 5. Nc3 e6 6. Ndb5 Bb4 7. Nd6+ Ke7 8. Nxc8+ Rxc8 9. Bd3 d5 10. 0-0 Bxc3 11. bxc3 dxe4 12. Ba3+ Ke8 13. Bb5 Qa5 14. Bxc6+ Rxc6 15. Bb4 Qc7 16. a4 a5 17. Ba3 Nd5 18. Qg4 f5 19. Qh5+ Qf7 20. Qg5 Qf6 21. Qh5+ Qg6 22. Qh4 Rxc3 23. Rfd1 Kd7 24. Qe7+ Kc8 25. Qd6 Rd8 26. Qe5 Qf6 27. Bd6 Rc6 28. Bb8 Qxe5 29. Bxe5 g6 30. Rac1 Nc3 31. Rxd8+ Kxd8 32. Bxc3 Rxc3 33. Kf1 Rc4 34. Ke2 Rxa4 35. Rb1 Rb4 36. Rb3 Rxb3 37. cxb3 Kd7 38. Kd2 Kc6 39. Kc3 Kc5 40. h4 h5 41. g3 b5 0-1